000 00725nam a2200205 a 4500
003 0
005 20250214113202.0
008 110617s19uu xx 00 eng d
050 _aPHS RA 790
_b.K49 2011
100 _aKim, Solip.
245 _aEmotional wellness and sleep deprivation /
_cSolip Kim.
260 _aLas PiƱas City, Philippines :
_bSouthville International School and Colleges,
_c2011.
300 _a21 pages :
_billustrations ;
_c28 cm.
504 _aIncludes bibliographical references.
650 _aEmotional wellness
_xdescriptive.
650 _aSleep deprivation
_xdescriptive.
650 _aWellness
_xPsychological aspects.
650 _aStress (Psychology) and sleep deprivation.
942 _2lcc
_cPASS
999 _c98537
_d98537